Statistics for Y Answers Quiz #2

Click here to take the quiz!

General Stats

  • This quiz has been taken 23,708 times
  • The average score is 11 of 20

Answer Stats

ClueAnswer% Correct
Three feetYard
85%
Dairy product with bacteria culturesYogurt
85%
Hairy bovine of the HimalayasYak
82%
Chinese river also called the Huang HeYellow
73%
Pagan holiday supplanted by ChristmasYule
73%
Mario's dinosaur steedYoshi
64%
First democratically elected leader of RussiaYeltsin
62%
Young urban professionalYuppie
60%
Oft-quoted catcher, last name BerraYogi
55%
Good tree for making longbowsYew
54%
Something you might hear in the Alps:
_____-ay-ee-oooo
Yodel
54%
Crimean resort town,
site of a 1945 conference
Yalta
50%
Take the 3:10 train to this Arizona townYuma
47%
Drake's motto; word that comes before swagYolo
44%
Chinese basketball legendYao
43%
Second biggest city in the Tokyo areaYokohama
43%
Nickname of Kanye West which
he probably gave it to himself
Yeezy
41%
Former discount car brand from the BalkansYugo
31%
Largest city in MyanmarYangon
29%
Protagonist of "Catch 22"Yossarian
15%

Score Distribution

Percentile by Number Answered

Percent of People with Each Score

Your Score History

You have not taken this quiz